000 00350nam a22001457a 4500
003 OSt
005 20220202101212.0
008 220202b |||||||| |||| 00| 0 eng d
020 _a9788120336797
040 _cHU
082 _22nd
_a621.3815
_b1
100 _aKumar. Anand
_929421
245 _aFundementals Of Digital Circuits
942 _2ddc
_cBOOKS
_n0
999 _c28875
_d28875